Länder mit den meisten Achterbahnen (A - Z) - Statistiken

Allgemein
  • Dieses Quiz wurde 136 mal gespielt
    114 seit der letzten Aktualisierung
  • Das Durchschnittsergebnis liegt bei 12 aus 22
Antwortstatistiken
Buchstabe Anzahl Land % Korrekt
D 282 Deutschland
98%
V 908 Vereinigte Staaten
95%
C 1.844 China
89%
F 227 Frankreich
89%
J 209 Japan
79%
R 191 Russland
77%
I 139 Italien
72%
Z 6 Zypern
68%
P 76 Polen
60%
A 38 Australien
58%
N 60 Niederlande
55%
K 65 Kanada
54%
B 91 Brasilien
53%
T 134 Türkei
53%
H 5 Honduras
43%
O 66 Österreich
42%
M 59 Mexiko
41%
U 39 Usbekistan
28%
G 12 Georgien
26%
E 6 Ecuador
18%
S 108 Saudi-Arabien
17%
L 13 Libanon
9%
Keine übereinstimmenden Quizze gefunden
Verteilung der Resultate
Anzahl Personen mit jedem Resultat
Perzentil nach korrekt beantworteten Fragen
Ihre Resultats-Entwicklung
Sie haben dieses Quiz seit der letzten Aktualisierung nicht gespielt